Risala Radde Tabarra : / رسالہ رد تبرا (Record no. 27080)

MARC details
000 -LEADER
fixed length control field 00429nam a22001577a 4500
003 - CONTROL NUMBER IDENTIFIER
control field BDDh-ASL
005 - DATE AND TIME OF LATEST TRANSACTION
control field 20231015030724.0
008 - FIXED-LENGTH DATA ELEMENTS--GENERAL INFORMATION
fixed length control field 211023n ii ||||| |||| 00| 0 u d
040 ## - CATALOGING SOURCE
Original cataloging agency BDDh-ASL
Transcribing agency BDDh-ASL
082 ## - DEWEY DECIMAL CLASSIFICATION NUMBER
Classification number 297.3
Item number RIS
245 10 - TITLE STATEMENT
Title Risala Radde Tabarra : / رسالہ رد تبرا
260 ## - PUBLICATION, DISTRIBUTION, ETC.
Place of publication, distribution, etc. Delhi :
Name of publisher, distributor, etc. Yusufi Press ,
300 ## - PHYSICAL DESCRIPTION
Extent 24 p. :
Dimensions 24 cm.
650 #0 - SUBJECT ADDED ENTRY--TOPICAL TERM
9 (RLIN) 5142
Topical term or geographic name entry element Islamic Discourse
942 ## - ADDED ENTRY ELEMENTS (KOHA)
Source of classification or shelving scheme Dewey Decimal Classification
Koha item type Books
Holdings
Withdrawn status Lost status Source of classification or shelving scheme Damaged status Not for loan Collection code Home library Current library Shelving location Date acquired Source of acquisition Serial Enumeration / chronology Total Checkouts Full call number Barcode Date last seen Copy number Price effective from Koha item type
    Dewey Decimal Classification     Non-fiction Asiatic Society Library Asiatic Society Library General Stacks 10/23/2021 ASB Library Collection U-0547   297.3 RIS 113153 10/23/2021 C-1 10/23/2021 Books

Powered by Koha